Statystyki dla Quiz o Los Angeles

Kliknij tutaj aby rozwiązać quiz!

Ogólne statystyki

  • Ten quiz został rozwiązany 51 razy
  • Średni wynik to 4 z 20

Statystyki odpowiedzi

ZagadnienieOdpowiedź% Poprawnych
Jakie państwo założyło osadę Los Angeles w 1781 roku?Hiszpania
83%
Jakie miasto ma kod pocztowy 90210?Beverly Hills
46%
Jakie wydarzenia miały miejsce w Los Angeles w 1932 i 1984?Letnie Igrzyska Olimpijskie
30%
Jaka plaża znana jest z kanałów i kulturystów?Venice Beach
30%
Które miasto jest rodzinnym miastem Snoop Dogga (znanego rapera)?Long Beach
26%
Jaki jest kod IATA dla międzynarodowego lotniska w Los Angeles?
(podpowiedź: kod IATA składa się z trzech liter)
LAX
24%
Kto został pobity przez policję w 1992,
co spowodowało masowe zamieszki trwające 6 dni?
Rodney King
24%
Która sieć burgerów z Południowej Kalifornii oferuje frytki "animal style"?In-N-Out Burger
17%
Jaki zespół plaż na Pacific Coast Highway słynie z domów gwiazd?Malibu
17%
Które hrabstwo graniczy od południa z hrabstwem Los Angeles?Orange County
17%
W jakim nadmorskim mieście kończy się
międzystanowa autostrada I-10?
Santa Monica
17%
Która drużyna NFL miała swoją siedzibę w Los Angeles, przeniosła się do Saint Louis, a potem wróciła?Los Angeles Rams
15%
Który bulwar słynie z klubów nocnych?Sunset
15%
Ludzi z Paryża nazywa się paryżanami.
Jak, z angielskiego, nazwiesz osobę z Los Angeles?
Angeleno
13%
Na których przedmieściach Los Angeles znajdziesz Disneyland?Anaheim
11%
Z jakiej doliny pochodzą Valley Girls?San Fernando
11%
Jakie obserwatorium zostało przedstawione w filmie „Buntownik bez powodu”?Griffith Observatory
9%
Jak pierwotnie brzmiał słynny napis Hollywood?Hollywoodland
9%
Jedno z najsłynniejszych stanowisk paleontologicznych późnego plejstocenu na świecie.
Cechą charakterystyczną są asfaltowe jeziora.
La Brea
9%
Dzielnica w zachodniej części Los Angeles położona na południe od kampusu UCLA
znana z dużej liczby zamieszkujących ją studentów
Westwood
9%

Rozkład punktacji

Percentyl według liczby udzielonych odpowiedzi

Procent ludzi z każdym wynikiem

Twoja historia wyników

Nie rozwiązałeś tego quizu